| 000 | 01106naa a22003137a 4500 | ||
|---|---|---|---|
| 001 | BR9607865 | ||
| 003 | BR-BrBNA | ||
| 005 | 20240918181602.0 | ||
| 007 | ta | ||
| 008 | 230509b bl.||||| |||| 00| 0 por d | ||
| 040 |
_aBR-BrBNA _bpor _cBiblioteca Nacional de Agricultura |
||
| 041 | _a(Pt) | ||
| 072 |
_aE16 _b9410 |
||
| 090 | _aE16 BR9607865 | ||
| 100 | 1 | _aSa, J.M. de | |
| 100 | 1 | _aMelo, D.R.G. de A. | |
| 100 | 1 | _aGeraldine, D.G. | |
| 111 | 1 |
_a13. Congresso Nacional de Laticinios _cJuiz de Fora, MG (Brazil) _d17-21 Jul 1995 |
|
| 245 | 1 | _aA industria de leite em Goias: uma analise do setor no periodo de junho/93 a abril/95 | |
| 260 | 3 |
_aJuiz de Fora, MG (Brasil): _c1995. |
|
| 500 | _aAnais do 13. Congresso Nacional de Laticinios Juiz de Fora, MG (Brasil): 1995. p. 183-188 (BR9607865-AM)E16 | ||
| 650 | _aLeite | ||
| 650 | _aIndustria Alimenticia | ||
| 650 | _aProducao | ||
| 650 | _aGoias | ||
| 773 | 0 |
_tAnais do 13. Congresso Nacional de Laticinios _wE16 BR9607865 _gJuiz de Fora, MG (Brasil), 1995. p. 183-188 |
|
| 909 |
_a202404 _bLucia _c55 _dLucia Elande |
||
| 942 |
_cAM _2AGRIS |
||
| 999 |
_c325953 _d325953 |
||